History Quiz

Random History Quiz

Kidwell List Round 3 Quiz Stats

 Plays Quiz not verified by Sporcle

Support Sporcle.
Go Orange.
Score 0/30 Timer 12:00
0 Plays Today
Description List Member % Correct
Large Purple Mcdonalds Mascot. 99% chance that this guy is wanted in at least 28 states for inappropriate contact with a minor.Grimace
100%
His face of fear became classic as the reaper placed a finger on his forehead. Mikal still misses him.Uncle Charles
100%
Womanly chested man, who enjoys losing his breath and getting knocked out by old ladies walkers.Ty Blackstone
100%
Per MySpace, this Autobot wannabe is Cregnis' best friend.Optimus Bill
100%
He can tough talk and deliver one hell of a Grizzly Shot...but um...that's all he's got.Joe Grizzly
100%
For one so tough, he spent 15 movie minutes unconscious from a broken chair.Thing
100%
The most whiny WWE Legend ever. Highest rating and no one wants him because of weekly cries for title shots.Hulk Hogan
100%
This idiot was over-excited to receive ___ _____ ___ on his Sears Purchase. He verified with a massive thumbs up.2 Bucks Off
100%
Losah who wasnt able to perform in the gym, after Mike matched him, because he had worked too hard the other day.Marine
100%
Leader of T Power. He is constantly feeling pity for fools and eating balls.Mr T
100%
Mythical character who has had unfortuante run in's with Jay & Silent Bob, Bradshaw and Mark Pennington.Easter Bunny
100%
New York native who informed us all that contrary to popular belief, a New York Minute is only... 60 seconds.EL Fudge
100%
Blind African American Klansman who finally showed his face after writing many books on White Power.Clayton Bigsby
100%
Moon-Headed, Ray Charles Wannabe Mcdonalds Icon. Mac Tonight
100%
Dufus who tried to win an FYE Gift Certificate by claiming Pink Floyd was a Rap Group.Tyler Bertini
100%
Description List Member % Correct
Tough talking Damon's chatter who couldn't decypher that the only other person in the restaurant must be the one he is talking to.Osper the Grouch
100%
This Aussie is known virally as the Proud Pedophile. He also chants, 'NO!' and accuses interviewers of being rapers.Geoffrey Leonard
100%
This bulbous idiot couldn't handle the In Ring action, so he attempted a Slasher movie franchise. It took 9 sequels to turn a profit!Mark Henry
100%
This Dr. Seussian is the only known cook who is side employed as a plungerless plumber for the same restaurant...DURING THE SAME SHIFT!Whosville
100%
Who? ____ _____! Who? ____ _____! Who? ____ _____ dot cahm!Mike Jones
100%
7 foot tall imbecile. full purple/white spandex, white fro and a side-reversible eye patchLong John Negro
100%
Fatso who hit his peak in his career the day he put on a scream mask and 'floated' around a Big Pun videoGhoster
100%
This ... woman... is Ready Anytime!Rat
100%
Buhlt hult hult! I knew that was you boys there knockin' on da doowr! buhult hult!April Briggleman
100%
This prodigy knows he could have taken State if the coach would have allowed him to demonstrate his ability to lauch a football a quarter mile.Uncle Rico
100%
Useless man who constantly wanted Mike to 'Tell him t' quick pickin' on mae!'Nead
100%
Was the victim of an ultimate prank call, where he marched up to the 'girl' that called him, asked her out, and was completely humilated when she said she would never call him..Gump
100%
Fertility God Statue. Nick Beam amputated his 'member' after breaking and entering.El Roog
50%
Simply put... He is the Golfing Rabbi.Rabbi Revan
50%
Drunken librarian with a protective, yet suspiciously sexual obsession,with cricketsRita Kelly
50%

You're not logged in!

Compare scores with friends on all Sporcle quizzes.
OR
Log In

From the Vault

Denzel Washington Movies

by Derek

Dr. Phillip Chandler from the NBC drama St. Elsewhere certainly has made a lot of movies.
Remove Ads.
Support Sporcle.
Get the best of Sporcle when you Go Orange. This ad-free experience offers more features, more stats, and more fun while also helping to support Sporcle. Thank you for becoming a member.

Show Comments

Extras

Created Mar 19, 2012ReportNominate
Tags:round

Top Quizzes Today


Score Distribution

Your Account Isn't Verified!

In order to create a playlist on Sporcle, you need to verify the email address you used during registration. Go to your Sporcle Settings to finish the process.

Report this User

Report this user for behavior that violates our Community Guidelines.

Details: